OM - Tous les Joueurs (2015-2026) - Statistiques

Statistiques générales
  • Ce quiz a été pris 2 270 fois
    42 depuis la dernière actualisation
  • Le résultat moyen est 64 sur 134
Statistiques - réponses
Matchs Période Nationalité Joueur % Correct
326 2013-2023 France Dimitri Payet
100%
281 2013-2021 France Florian Thauvin
97%
613 2008-2022 France Steve Mandanda
94%
81 2024- Angleterre Mason Greenwood
90%
185 2016-2021 Japon Hiroki Sakai
87%
200 2020- Argentine Leonardo Balerdi
87%
92 2023- Gabon Pierre-Emerick Aubameyang
87%
73 2024- Argentine Geronimo Rulli
84%
85 2022-2025 RDC Chancel Mbemba
81%
196 2019-2025 France Valentin Rongier
81%
44 2022-2023 Chili Alexis Sanchez
77%
107 2021-2025 Maroc Amine Harit
77%
127 2021-2024 Espagne Pau Lopez
77%
159 2017-2021 France Valère Germain
77%
209 2007-2015 Ghana André Ayew
74%
37 2025- France Benjamin Pavard
74%
103 2021-2023 France Mattéo Guendouzi
74%
181 2015-2020 Sénégal Bouna Sarr
71%
84 2023- Centrafrique Geoffrey Kondogbia
71%
30 2023-2024 Sénégal Ismaïla Sarr
71%
150 2016-2021 France Maxime Lopez
71%
82 2023-2026 Panama Amir Murillo
68%
130 2018-2022 Croatie Duje Caleta-Car
68%
26 2025- Argentine Facundo Medina
68%
94 2022-2024 France Jordan Veretout
68%
50 2017-2021 Grèce Kostas Mitroglou
68%
41 2025- États-Unis Timothy Weah
68%
42 2025- Algérie Amine Gouiri
65%
93 2021-2023 Turquie Cengiz Ünder
65%
98 2017-2019 Brésil Luiz Gustavo
65%
75 2017-2019 France Adil Rami
61%
55 2021-2023 Pologne Arkadiusz Milik
61%
42 2025- Brésil Igor Paixao
61%
75 2024- Danemark Pierre-Emile Højbjerg
61%
123 2015-2019 Portugal Rolando
61%
51 2015-2017 France Lassana Diarra
58%
157 2017-2021 France Morgan Sanson
58%
22 2025- Maroc Nayef Aguerd
58%
207 2011-2016 Cameroun Nicolas N'Koulou
58%
16 2026- Pays-Bas Quinten Timber
58%
58 2022-2023 Bosnie-Herzégovine Sead Kolasinac
58%
32 2024-2025 France Adrien Rabiot
55%
188 2010-2015 France André-Pierre Gignac
55%
26 2025- Belgique Arthur Vermeeren
55%
11 2026- Angleterre Ethan Nwaneri
55%
78 2018-2023 Pays-Bas Kevin Strootman
55%
132 2015-2019 Argentine Lucas Ocampos
55%
170 2016-2022 France Boubacar Kamara
52%
37 2025- Italie Emerson Palmeiri
52%
153 2011-2015 Madagascar Jérémy Morel
52%
85 2022-2024 France Jonathan Clauss
52%
25 2025-2026 Danemark Matt O'Riley
52%
63 2018-2023 Serbie Nemanja Radonjic
52%
42 2024-2026 Suisse Ulisses Garcia
52%
89 2015-2021 France Yohann Pelé
52%
44 2023-2025 Maroc Azzedine Ounahi
48%
16 2025- Angleterre CJ Egan-Riley
48%
83 2016-2019 Cameroun Clinton N'Jie
48%
71 2019-2022 Argentine Dario Benedetto
48%
46 2023-2024 Sénégal Iliman Ndiaye
48%
10 2024- Pays-Bas Jeffrey de Lange
48%
11 2022-2023 Colombie Luis Suarez
48%
115 2020-2024 Sénégal Pape Gueye
48%
95 2021-2025 Espagne Pol Lirola
48%
29 2020-2021 Japon Yuto Nagatomo
48%
20 2025-2026 Angleterre Angel Gomes
45%
54 2020-2023 Sénégal Bamba Dieng
45%
53 2023- Maroc Bilal Nadir
45%
50 2013-2016 Gabon Mario Lemina
45%
38 2015-2016 Chili Mauricio Isla
45%
78 2014-2016 Belgique Michy Batshuayi
45%
12 2022-2025 Espagne Ruben Blanco
45%
23 2023 Ukraine Ruslan Malinovskyi
45%
43 2023-2024 Portugal Vitinha
45%
52 2021-2022 France William Saliba
45%
106 2015-2018 Cameroun André-Frank Zambo-Anguissa
42%
25 2024-2025 Canada Dereck Cornelius
42%
61 2021-2022 Brésil Gerson
42%
19 2025- Côte d'Ivoire Hamed Traoré
42%
127 2017-2024 France Jordan Amavi
42%
108 2020-2025 Brésil Luis Henrique
42%
39 2022-2023 Portugal Nuno Tavares
42%
10 2025 Bosnie-Herzégovine Amar Dedic
39%
29 2022-2023 Burkina Faso Issa Kaboré
39%
31 2024-2025 Angleterre Jonathan Rowe
39%
23 2021-2024 États-Unis Konrad De la Fuente
39%
20 2016-2019 Slovaquie Tomas Hubocan
39%
34 2016-2017 France Bafétimbi Gomis
35%
23 2016-2018 Cameroun Henri Bedimo
35%
14 2024 Cameroun Jean Onana
35%
21 2017 France Patrice Evra
35%
46 2024-2025 France Quentin Merlin
35%
22 2024-2026 France Robinio Vaz
35%
198 2010-2018 France Rod Fanni
35%
18 2016 Écosse Steven Fletcher
35%
127 2013-2016 Togo Alaixys Romao
32%
75 2019-2022 Espagne Alvaro Gonzalez
32%
70 2014-2016 Côte d'Ivoire Brice Dja Djédjé
32%
41 2015-2016 Cameroun Georges-Kévin N'Koudou
32%
25 2017-2020 France Grégory Sertic
32%
15 2019 Italie Mario Balotelli
32%
33 2014-2018 Brésil Matheus Doria
32%
12 2015-2016 Italie Paolo De Ceglie
32%
66 2022-2024 France Samuel Gigot
32%
14 2017-2019 Tunisie Aymen Abdennour
29%
12 2024-2026 France Darryl Bakola
29%
23 2022-2023 Côte d'Ivoire Eric Bailly
29%
21 2024-2025 Cameroun Faris Moumbagna
29%
48 2015-2017 Pays-Bas Karim Rekik
29%
50 2021-2022 Brésil Luan Peres
29%
81 2015-2018 France Remy Cabella
29%
45 2014-2016 Maroc Abdelaziz Barrada
26%
24 2022 RDC Cédric Bakambu
26%
14 2024-2025 France Elye Wahi
26%
12 2025 Algérie Ismaël Bennacer
26%
43 2015-2016 Espagne Javier Manquillo
26%
12 2024-2025 France Lilian Brassier
26%
33 2015-2016 Brésil Lucas Silva
26%
40 2016-2021 Tunisie Saîf-Eddine Khaoui
26%
33 2016-2017 France William Vainqueur
26%
27 2024-2026 France Neal Maupay
23%
23 2023 Brésil Renan Lodi
23%
19 2014-2017 France Stéphane Sparagna
23%
28 2023-2025 Côte d'Ivoire Bamo Meïté
19%
101 2013-2016 France Benjamin Mendy
19%
19 2023-2024 Argentine Joaquin Correa
19%
26 2018-2021 France Marley Aké
19%
30 2020-2021 France Michaël Cuisance
19%
15 2012-2017 France Baptiste Aloé
16%
16 2013-2015 Algérie Foued Kadir
16%
76 2013-2015 RDC Giannelli Imbula
16%
65 2014-2017 France Romain Alessandrini
16%
10 2011-2016 Algérie Bilel Omrani
13%
12 2016-2017 France Zinédine Machach
6%
Aucun quiz correspondant
Distribution des résultats
% des personnes avec chaque résultat
Percentile par nombre de réponses
Votre historique - résultats
Vous n’avez pas pris ce quiz depuis la dernière actualisation